[Event "Mar del Plata-ch Primera"]
[Site "Mar del Plata"]
[Date "2002.09.??"]
[Round "4"]
[White "Forestani, Andres Luis"]
[Black "Palermo, Vicente"]
[Result "1-0"]
[WhiteElo "2237"]
[BlackElo "2252"]
[PlyCount "61"]
[EventDate "2002.09.??"]
[EventType "tourn"]
[EventRounds "11"]
[EventCountry "ARG"]
[SourceTitle "EXT 2004"]
[Source "ChessBase"]
[SourceDate "2003.11.25"]
[SourceVersion "1"]
[SourceVersionDate "2003.11.25"]
[SourceQuality "1"]

1. e4 e5 2. Nf3 Nc6 3. Bb5 a6 4. Ba4 Nf6 5. 0-0 Nxe4 6. d4 b5 7. Bb3 d5 8. dxe5 Be6 9. c3 Be7 10. Qe2 0-0 11. Nd4 Qd7 12. Nd2 Nxd4 13. cxd4 Bf5 14. Nxe4 Bxe4 15. f3 Bf5 16. Be3 f6 17. Rac1 Rfe8 18. Rfd1 c6 19. Qf2 a5 20. a4 Reb8 21. Bf4 Rb6 22. Qg3 Raa6 23. Rd2 bxa4 24. Bxa4 Rb4 25. b3 Qb7 26. h4 Bd7 27. Bh6 g6 28. exf6 Bxf6 29. Qd6 Bg7 30. Bxg7 Kxg7 31. Re2 1-0

[Event "Mar del Plata-ch Primera"]
[Site "Mar del Plata"]
[Date "2001.10.01"]
[Round "7"]
[White "Fernandez, Alejandro"]
[Black "Palermo, Vicente"]
[Result "1/2-1/2"]
[WhiteElo "2065"]
[BlackElo "2266"]
[PlyCount "134"]
[EventDate "2001.09.18"]
[EventType "swiss"]
[EventRounds "9"]
[EventCountry "ARG"]
[SourceTitle "EXT 2002"]
[Source "ChessBase"]
[SourceDate "2001.11.25"]
[SourceVersion "1"]
[SourceVersionDate "2001.11.25"]
[SourceQuality "1"]

1. e4 c5 2. Nf3 e6 3. d4 cxd4 4. Nxd4 a6 5. Nc3 Qc7 6. Be3 Nf6 7. Be2 Bb4 8. Qd3 d5 9. exd5 Nxd5 10. Bd2 Nxc3 11. Bxc3 Bxc3+ 12. bxc3 0-0 13. 0-0 Nd7 14. Qh3 Nc5 15. Nb3 e5 16. Qe3 Na4 17. c4 Be6 18. c5 Rac8 19. Qe4 Nc3 20. Qe3 Nxe2+ 21. Qxe2 Bxb3 22. axb3 Qxc5 23. c4 Rfd8 24. Rfe1 f6 25. Qe4 Qc6 26. Qf5 Rd4 27. h3 Rcd8 28. Re3 Qd7 29. Qxd7 R8xd7 30. Ra4 Kf7 31. Rc3 Ke6 32. Rb4 b5 33. Kf1 Kd6 34. c5+ Kc6 35. Rxd4 Rxd4 36. Ke2 b4 37. Rc1 Rd5 38. Ra1 Kb5 39. c6 Rc5 40. Rd1 Kxc6 41. Rd8 Kb7 42. Rd7+ Rc7 43. Rd8 a5 44. Rd5 Kb6 45. Rd6+ Kc5 46. Rd8 a4 47. bxa4 Ra7 48. Kd3 Rxa4 49. Rc8+ Kd5 50. Rd8+ Ke6 51. Re8+ Kf5 52. Re7 g5 53. Rxh7 e4+ 54. Kc4 Ra2 55. g4+ Ke6 56. Rb7 Rxf2 57. Kd4 Rf3 58. Rb6+ Kf7 59. Rxb4 e3 60. Rb7+ Ke6 61. Kd3 Rxh3 62. Ke2 Rg3 63. Rb4 Kf7 64. Re4 Kf8 65. Re6 Kg7 66. Re4 Kf7 67. Ra4 Rh3 1/2-1/2

[Event "Mar del Plata-ch Primera"]
[Site "Mar del Plata"]
[Date "2001.09.26"]
[Round "5"]
[White "Corsi Ferrari, Alejandro"]
[Black "Palermo, Vicente"]
[Result "1-0"]
[WhiteElo "2160"]
[BlackElo "2266"]
[PlyCount "97"]
[EventDate "2001.09.18"]
[EventType "swiss"]
[EventRounds "9"]
[EventCountry "ARG"]
[SourceTitle "EXT 2002"]
[Source "ChessBase"]
[SourceDate "2001.11.25"]
[SourceVersion "1"]
[SourceVersionDate "2001.11.25"]
[SourceQuality "1"]

1. d4 e6 2. Nf3 Nf6 3. Bg5 Be7 4. Nbd2 d5 5. e3 Nbd7 6. Bd3 h6 7. Bh4 0-0 8. Qe2 c5 9. c3 Re8 10. 0-0-0 Qa5 11. Ne5 cxd4 12. exd4 Nxe5 13. dxe5 Nd7 14. Bxe7 Rxe7 15. Bb1 Nf8 16. Nb3 Qc7 17. g4 g6 18. h4 a5 19. Nd4 Bd7 20. Qe3 b5 21. Qxh6 Qxe5 22. h5 g5 23. Rde1 Qg7 24. Qxg7+ Kxg7 25. Nf5+ exf5 26. Rxe7 Kf6 27. Ree1 fxg4 28. h6 Ng6 29. Bxg6 Kxg6 30. Re7 Be6 31. h7 Rh8 32. Rb7 Kf5 33. Rxb5 Kf4 34. Rxa5 Kf3 35. Rh2 g3 36. fxg3 Kxg3 37. Ra8 Rxa8 38. h8Q Rxh8 39. Rxh8 d4 40. cxd4 Bxa2 41. b4 Kf3 42. b5 g4 43. b6 Bd5 44. Rd8 Be4 45. Rd7 g3 46. Kd2 Kf2 47. Rxf7+ Bf3 48. Rg7 g2 49. b7 1-0

[Event "Mar del Plata-ch Primera"]
[Site "Mar del Plata"]
[Date "2001.09.24"]
[Round "4"]
[White "Palermo, Vicente"]
[Black "Herrero, Luis"]
[Result "0-1"]
[WhiteElo "2266"]
[BlackElo "2210"]
[PlyCount "146"]
[EventDate "2001.09.18"]
[EventType "swiss"]
[EventRounds "9"]
[EventCountry "ARG"]
[SourceTitle "EXT 2002"]
[Source "ChessBase"]
[SourceDate "2001.11.25"]
[SourceVersion "1"]
[SourceVersionDate "2001.11.25"]
[SourceQuality "1"]

1. d4 c5 2. d5 Nf6 3. g3 e6 4. Nc3 b5 5. Bg2 Bb7 6. e4 b4 7. Nb1 exd5 8. exd5 d6 9. Ne2 g6 10. b3 Bg7 11. Bb2 0-0 12. 0-0 Re8 13. h4 Qe7 14. Nf4 Ba6 15. Nd3 Nbd7 16. a3 Bxd3 17. Qxd3 Qe2 18. Qd1 a5 19. Nd2 Nb6 20. Bf3 Qxd1 21. Rfxd1 bxa3 22. Rxa3 a4 23. Nc4 Nxc4 24. bxc4 Reb8 25. Bc3 Nd7 26. Bxg7 Kxg7 27. Rda1 Rb2 28. Be4 Nb6 29. Bd3 Rb4 30. c3 Rb2 31. R1a2 Rxa2 32. Rxa2 a3 33. Kf1 Nd7 34. f4 h6 35. Kf2 Kf6 36. Kf3 g5 37. hxg5+ hxg5 38. Kg4 gxf4 39. gxf4 Nf8 40. Kf3 Ng6 41. Be2 Nh4+ 42. Kg3 Nf5+ 43. Kf2 Ne7 44. Bd3 Nc8 45. Kf3 Nb6 46. Kf2 Ra4 47. Ke3 Nxc4+ 48. Bxc4 Rxc4 49. Rxa3 Kf5 50. Ra6 Rxc3+ 51. Kd2 Rc4 52. Rxd6 Rxf4 53. Rd7 f6 54. Ke3 Rd4 55. d6 Ke6 56. Rc7 Kxd6 57. Rf7 Ke6 58. Rc7 Rd5 59. Ke4 Re5+ 60. Kf4 Kd5 61. Rd7+ Kc4 62. Rd6 Re1 63. Kf3 Kc3 64. Kf2 Re8 65. Rxf6 c4 66. Rc6 Kd3 67. Rd6+ Kc2 68. Rc6 c3 69. Rc7 Kd2 70. Rd7+ Kc1 71. Rc7 c2 72. Rb7 Ra8 73. Ke2 Ra2 0-1

[Event "Mar del Plata op 32nd"]
[Site "Mar del Plata"]
[Date "2001.04.13"]
[Round "7"]
[White "Roselli Mailhe, Bernardo"]
[Black "Palermo, Vicente"]
[Result "1/2-1/2"]
[WhiteElo "2413"]
[BlackElo "2247"]
[PlyCount "81"]
[EventDate "2001.04.07"]
[EventType "swiss"]
[EventRounds "9"]
[EventCountry "ARG"]
[SourceTitle "CBM 081 Extra"]
[Source "ChessBase"]
[SourceDate "2001.05.06"]
[SourceVersion "1"]
[SourceVersionDate "2001.05.06"]
[SourceQuality "1"]

1. e4 c5 2. Nc3 Nc6 3. g3 g6 4. Bg2 Bg7 5. d3 d6 6. f4 e6 7. Nf3 Nge7 8. 0-0 Rb8 9. Be3 Nd4 10. e5 Nef5 11. Bf2 dxe5 12. fxe5 b6 13. Ne4 Nxf3+ 14. Qxf3 Bxe5 15. g4 Nd4 16. Qxf7+ Kxf7 17. Bxd4+ Kg8 18. Bxe5 Bb7 19. Nf6+ Kf7 20. Bxb8 Qd4+ 21. Rf2 Rxb8 22. Nd7+ Ke7 23. Nxb8 Bxg2 24. Kxg2 Qd6 25. Na6 Qd5+ 26. Rf3 Qb7 27. Nxc5 bxc5 28. Rb1 Qb4 29. Kg3 Qb8+ 30. Kg2 Qb4 31. c4 Qd2+ 32. Kg3 a5 33. a4 h5 34. gxh5 Qg5+ 35. Kf2 Qd2+ 36. Kg1 gxh5 37. b3 Qc2 38. Re1 Qxb3 39. Rfe3 Qxa4 40. Rxe6+ Kf7 41. Re7+ 1/2-1/2

[Event "Mar del Plata-ch55 Mayor"]
[Site "Mar del Plata"]
[Date "2000.11.08"]
[Round "2"]
[White "Corsi Ferrari, Alejandro"]
[Black "Palermo, Vicente"]
[Result "1-0"]
[WhiteElo "2160"]
[BlackElo "2224"]
[PlyCount "47"]
[EventDate "2000.11.06"]
[EventType "tourn"]
[EventRounds "10"]
[EventCountry "ARG"]
[SourceTitle "CBM 079 Extra"]
[Source "ChessBase"]
[SourceDate "2001.01.11"]
[SourceVersion "2"]
[SourceVersionDate "2001.01.25"]
[SourceQuality "1"]

1. d4 f5 2. Bg5 c6 3. e3 Qb6 4. b3 d6 5. Bd3 e5 6. dxe5 dxe5 7. Nh3 Be6 8. 0-0 Nd7 9. Nd2 g6 10. Bc4 Bxc4 11. Nxc4 Qc7 12. Qd2 h6 13. Rad1 Ngf6 14. Bxf6 Nxf6 15. f4 e4 16. Qd4 Be7 17. Ne5 Rg8 18. Qc4 Rg7 19. g4 Qb6 20. g5 Nd5 21. gxh6 Rh7 22. Rxd5 Qxe3+ 23. Kg2 Rxh6 24. Rd3 1-0

[Event "Mar del Plata-ch55 Mayor"]
[Site "Mar del Plata"]
[Date "2000.11.06"]
[Round "1"]
[White "Palermo, Vicente"]
[Black "Loiterstein, Mariano"]
[Result "0-1"]
[WhiteElo "2224"]
[BlackElo "2279"]
[PlyCount "140"]
[EventDate "2000.11.06"]
[EventType "tourn"]
[EventRounds "10"]
[EventCountry "ARG"]
[SourceTitle "CBM 079 Extra"]
[Source "ChessBase"]
[SourceDate "2001.01.11"]
[SourceVersion "2"]
[SourceVersionDate "2001.01.25"]
[SourceQuality "1"]

1. d4 Nf6 2. Nf3 g6 3. Bg5 Bg7 4. c3 d6 5. Nbd2 h6 6. Bh4 0-0 7. e3 Nbd7 8. Bd3 Qe8 9. 0-0 e5 10. Qc2 Nh5 11. g4 Nhf6 12. h3 h5 13. g5 Nd5 14. Bg3 Qe6 15. Kg2 Re8 16. Rh1 N5b6 17. c4 c6 18. c5 Nd5 19. a3 dxc5 20. dxc5 a5 21. Ne4 Bf8 22. b3 b6 23. cxb6 N5xb6 24. Nfd2 Ba6 25. Bxa6 Rxa6 26. Rhc1 Rc8 27. Qd3 Ra7 28. Nc4 Nxc4 29. Rxc4 Rb8 30. Qc3 c5 31. Rd1 Be7 32. Qc2 Rab7 33. Rd3 Nb6 34. Rcc3 Rc8 35. h4 a4 36. bxa4 Qc6 37. a5 Na4 38. Rc4 Nb2 39. Bxe5 Nxd3 40. Qxd3 Rd7 41. Qc3 Kh7 42. f3 Qd5 43. Bf6 Bf8 44. Bh8 Qd1 45. Be5 Be7 46. Qc2 Qe1 47. Qf2 Qxa5 48. a4 Rcd8 49. Bf6 Rd2 50. Bxe7 Rxf2+ 51. Kxf2 Rd1 52. Rc3 Qxa4 53. Kg3 c4 54. Ra3 Qc6 55. Bc5 Qc7+ 56. f4 Qb7 57. Nf6+ Kg7 58. Ne8+ Kg8 59. Nf6+ Kh8 60. e4 Rd3+ 61. Rxd3 cxd3 62. Bd4 Qb4 63. Be5 Qe1+ 64. Kh3 d2 65. Nxh5+ Kg8 66. Nf6+ Kf8 67. Bd6+ Kg7 68. Ne8+ Kg8 69. Nf6+ Kh8 70. Ng4 d1Q 0-1

[Event "Mar del Plata op 31st"]
[Site "Mar del Plata"]
[Date "2000.04.16"]
[Round "2"]
[White "Palermo, Vicente"]
[Black "Panno, Oscar"]
[Result "1/2-1/2"]
[WhiteElo "2220"]
[BlackElo "2459"]
[PlyCount "49"]
[EventDate "2000.04.15"]
[EventType "swiss"]
[EventRounds "9"]
[EventCountry "ARG"]
[SourceTitle "CBM 075 Extra"]
[Source "ChessBase"]
[SourceDate "2000.05.11"]
[SourceVersion "2"]
[SourceVersionDate "2000.05.11"]
[SourceQuality "1"]

1. e4 c5 2. Nf3 Nc6 3. d4 cxd4 4. Nxd4 Qb6 5. Nb3 Nf6 6. Nc3 e6 7. g3 a6 8. Bg2 Qc7 9. 0-0 Be7 10. f4 d6 11. a4 b6 12. a5 b5 13. Be3 Nd7 14. f5 0-0 15. fxe6 fxe6 16. Rxf8+ Bxf8 17. Nd4 Nde5 18. Nxc6 Qxc6 19. Bd4 Bb7 20. Ne2 Qe8 21. Nf4 Ng6 22. Nxg6 Qxg6 23. Qe2 Rc8 24. b3 Be7 25. Rd1 1/2-1/2

[Event "Mar del Plata-ch"]
[Site "Mar del Plata"]
[Date "1999.12.07"]
[Round "12"]
[White "Braga, Fernando Alberto"]
[Black "Palermo, Vicente"]
[Result "1-0"]
[WhiteElo "2461"]
[BlackElo "2220"]
[PlyCount "89"]
[EventDate "1999.11.18"]
[EventType "tourn"]
[EventRounds "14"]
[EventCountry "ARG"]
[EventCategory "2"]
[SourceTitle "CBM 073 Extra"]
[Source "ChessBase"]
[SourceDate "2000.01.11"]
[SourceVersion "1"]
[SourceVersionDate "2000.01.11"]
[SourceQuality "1"]

1. e4 e5 2. Nf3 Nc6 3. Bb5 a6 4. Ba4 Nf6 5. d4 exd4 6. 0-0 Be7 7. Re1 b5 8. Bb3 d6 9. Bd5 Nxd5 10. exd5 Ne5 11. Nxd4 Bd7 12. f4 Ng6 13. Nc6 Bxc6 14. dxc6 0-0 15. Nc3 d5 16. Qxd5 b4 17. Qxd8 Bc5+ 18. Kf1 Raxd8 19. Na4 Bd6 20. g3 Ne7 21. Be3 Nxc6 22. Nc5 Ra8 23. Rad1 Rfe8 24. Bf2 Rxe1+ 25. Rxe1 a5 26. Re4 g6 27. Rc4 Ne7 28. Ne4 h5 29. Nxd6 cxd6 30. Rc7 Kf8 31. Ke2 Ke8 32. Kd3 Nd5 33. Rb7 Ne7 34. Bd4 Nc6 35. Bf6 Ra7 36. Rxa7 Nxa7 37. Kc4 Kd7 38. Bd4 Nc6 39. Bb6 Ke6 40. Kb5 Kd5 41. c4+ bxc3 42. bxc3 Ne7 43. Bxa5 h4 44. a4 h3 45. Bd8 1-0

[Event "Mar del Plata-ch"]
[Site "Mar del Plata"]
[Date "1999.11.30"]
[Round "8"]
[White "Palermo, Vicente"]
[Black "Fernandez, Jorge Daniel"]
[Result "1-0"]
[WhiteElo "2220"]
[BlackElo "2180"]
[PlyCount "75"]
[EventDate "1999.11.18"]
[EventType "tourn"]
[EventRounds "14"]
[EventCountry "ARG"]
[EventCategory "2"]
[SourceTitle "CBM 073 Extra"]
[Source "ChessBase"]
[SourceDate "2000.01.11"]
[SourceVersion "1"]
[SourceVersionDate "2000.01.11"]
[SourceQuality "1"]

1. d4 Nf6 2. Nf3 g6 3. c4 Bg7 4. Nc3 d6 5. Bg5 h6 6. Bh4 g5 7. Bg3 Nh5 8. e3 Nxg3 9. fxg3 c6 10. Bd3 Nd7 11. h4 g4 12. Nh2 Nf6 13. 0-0 Qb6 14. Rf2 Bd7 15. Rb1 c5 16. d5 h5 17. Nf1 Ng8 18. Nd2 Be5 19. Ne2 Nh6 20. Qc2 0-0-0 21. Nf4 Ng8 22. Ne4 Nf6 23. Nxf6 Bxf6 24. Bf5 Qc7 25. Nd3 Kb8 26. Rbf1 Rh6 27. Bxd7 Qxd7 28. a3 Ka8 29. Rf5 Rdh8 30. Kh2 Qd8 31. e4 a6 32. e5 dxe5 33. Nxc5 e6 34. dxe6 fxe6 35. Qe4 Qb6 36. Nd7 Qd8 37. Rxf6 Qxd7 38. Rxh6 1-0

[Event "Mar del Plata-ch"]
[Site "Mar del Plata"]
[Date "1999.11.23"]
[Round "4"]
[White "Quatrini, Alejandro"]
[Black "Palermo, Vicente"]
[Result "0-1"]
[WhiteElo "2140"]
[BlackElo "2220"]
[PlyCount "90"]
[EventDate "1999.11.18"]
[EventType "tourn"]
[EventRounds "14"]
[EventCountry "ARG"]
[EventCategory "2"]
[SourceTitle "CBM 073 Extra"]
[Source "ChessBase"]
[SourceDate "2000.01.11"]
[SourceVersion "1"]
[SourceVersionDate "2000.01.11"]
[SourceQuality "1"]

1. d4 f5 2. e4 fxe4 3. Nc3 Nf6 4. Bg5 Nc6 5. d5 Ne5 6. Qd4 Nf7 7. Bxf6 exf6 8. Nxe4 Be7 9. Ng3 g6 10. h4 f5 11. 0-0-0 0-0 12. h5 Bf6 13. Qd2 Bg7 14. hxg6 hxg6 15. Nf3 Qf6 16. c3 Rb8 17. Bd3 b5 18. Rde1 Rb6 19. Re2 Bb7 20. Bc2 b4 21. Bb3 bxc3 22. Qxc3 Qxc3+ 23. bxc3 Bxc3 24. Rc2 Bf6 25. Rxc7 Rc8 26. Rxc8+ Bxc8 27. Ne2 Ne5 28. Nxe5 Bxe5 29. Kc2 Rb5 30. Rd1 Bb7 31. f4 Bf6 32. Rd3 Rb4 33. Re3 Kf8 34. g3 Rb5 35. Rd3 Ke7 36. Nc3 Rc5 37. Kd2 Kd6 38. Nd1 Ba6 39. Re3 Rc8 40. g4 g5 41. gxf5 gxf4 42. Re4 Rh8 43. Ra4 Rh2+ 44. Kc1 Bd3 45. Rxa7 f3 0-1

[Event "Mar del Plata op 29th"]
[Site "Mar del Plata"]
[Date "1998.??.??"]
[Round "2"]
[White "Palermo, Vicente"]
[Black "De Souza, Mauro Guimaraes"]
[Result "0-1"]
[WhiteElo "2220"]
[BlackElo "2405"]
[PlyCount "62"]
[EventDate "1998.??.??"]
[EventType "swiss"]
[EventRounds "9"]
[EventCountry "ARG"]
[SourceTitle "EXT 2005"]
[Source "ChessBase"]
[SourceDate "2004.11.15"]
[SourceVersion "1"]
[SourceVersionDate "2004.11.15"]
[SourceQuality "1"]

1. Nf3 Nf6 2. c4 e6 3. g3 d5 4. b3 a5 5. Nc3 d4 6. Na4 Nc6 7. Bg2 e5 8. d3 Bb4+ 9. Bd2 e4 10. Ng5 e3 11. fxe3 Ng4 12. Bxc6+ bxc6 13. Bxb4 Qxg5 14. Bc5 Nxe3 15. Qc1 Qf6 16. Qb2 Bg4 17. Kd2 0-0-0 18. Kc1 Rhe8 19. Qd2 Nf1 20. Qf4 Qxf4+ 21. gxf4 Bxe2 22. Kc2 Ne3+ 23. Kd2 Ng2 24. Rhg1 Nxf4 25. Rxg7 Bxd3 26. Rxf7 Re2+ 27. Kc1 Rf2 28. Rg7 Re8 29. Rg1 Ne2+ 30. Kd2 Nxg1+ 31. Kxd3 Nf3 0-1

[Event "Mar del Plata-ch"]
[Site "Mar del Plata"]
[Date "1996.??.??"]
[Round "10"]
[White "Palermo, Vicente"]
[Black "Corsi Ferrari, Alejandro"]
[Result "0-1"]
[WhiteElo "2225"]
[BlackElo "2160"]
[PlyCount "80"]
[EventDate "1996.??.??"]
[EventType "tourn"]
[EventRounds "10"]
[EventCountry "ARG"]
[SourceTitle "EXT 2000"]
[Source "ChessBase"]
[SourceDate "1999.11.16"]
[SourceVersion "1"]
[SourceVersionDate "1999.11.16"]
[SourceQuality "1"]

1. c4 e5 2. Nc3 f5 3. g3 Nf6 4. Bg2 g6 5. e3 Bg7 6. d4 e4 7. Nge2 Nc6 8. a3 0-0 9. b4 Kh8 10. h4 Ne7 11. d5 b5 12. Nxb5 Nfxd5 13. Ra2 Ba6 14. Rd2 Nb6 15. Bb2 Bxb2 16. Rxb2 Kg8 17. Qb3 d5 18. Ned4 Nxc4 19. Rc2 Qd7 20. Qa4 Bxb5 21. Nxb5 a5 22. Bf1 axb4 23. Qxb4 Nc6 24. Qc5 N6e5 25. Bxc4 Nxc4 26. 0-0 Ra5 27. Rxc4 dxc4 28. Qxc4+ Qf7 29. Qb4 Raa8 30. Rc1 Rfc8 31. Rc5 Rab8 32. Qc3 Qe6 33. h5 c6 34. Nd4 Qf6 35. hxg6 hxg6 36. a4 Rb1+ 37. Kg2 Qh8 38. Qc4+ Kf8 39. Rxf5+ gxf5 40. Ne6+ Ke7 0-1

[Event "Mar del Plata op 26th"]
[Site "Mar del Plata"]
[Date "1995.??.??"]
[Round "?"]
[White "Palermo, Vicente"]
[Black "Hoffman, Alejandro"]
[Result "1/2-1/2"]
[WhiteElo "2225"]
[BlackElo "2540"]
[PlyCount "78"]
[EventDate "1995.05.??"]
[EventType "swiss"]
[EventRounds "9"]
[EventCountry "ARG"]
[SourceTitle "EXT 2003"]
[Source "ChessBase"]
[SourceDate "2002.11.25"]
[SourceVersion "1"]
[SourceVersionDate "2002.11.25"]
[SourceQuality "1"]

1. e4 c5 2. Nf3 d6 3. d4 cxd4 4. Nxd4 Nf6 5. Nc3 g6 6. Be2 Bg7 7. 0-0 0-0 8. Be3 Nc6 9. Nb3 Be6 10. f4 Qc8 11. Kh1 Rd8 12. Bf3 Bc4 13. Rf2 e5 14. Rd2 exf4 15. Bxf4 Ne5 16. Bxe5 dxe5 17. Rxd8+ Qxd8 18. Qxd8+ Rxd8 19. Rd1 Rxd1+ 20. Nxd1 b6 21. Ne3 Be6 22. Kg1 Ne8 23. g4 Bh6 24. Kf2 Nd6 25. Nd2 Bxa2 26. b3 b5 27. Ke2 a5 28. Nd1 a4 29. bxa4 Nc4 30. Nf1 b4 31. Nfe3 b3 32. cxb3 Bxb3 33. Nxc4 Bxc4+ 34. Kf2 Bf8 35. Be2 Bc5+ 36. Kf3 Be6 37. a5 f5 38. gxf5 gxf5 39. exf5 Bxf5 1/2-1/2

[Event "Mar del Plata op"]
[Site "Mar del Plata"]
[Date "1994.??.??"]
[Round "7"]
[White "Palermo, Vicente"]
[Black "Fernandez, R."]
[Result "1/2-1/2"]
[WhiteElo "2235"]
[BlackElo "2355"]
[PlyCount "80"]
[EventDate "1994.04.??"]
[EventType "swiss"]
[EventRounds "9"]
[EventCountry "ARG"]
[SourceTitle "EXT 1997"]
[Source "ChessBase"]
[SourceDate "1996.11.15"]
[SourceVersion "1"]
[SourceVersionDate "1996.11.15"]
[SourceQuality "1"]

1. e4 c5 2. Nc3 Nc6 3. g3 g6 4. Bg2 Bg7 5. d3 d6 6. Be3 Rb8 7. Qd2 b5 8. Nge2 b4 9. Nd1 Qb6 10. 0-0 Bd7 11. c3 bxc3 12. bxc3 e5 13. h3 Nge7 14. Bh6 0-0 15. Bxg7 Kxg7 16. Ne3 Qb2 17. Rfd1 Na5 18. d4 Ba4 19. Qxb2 Rxb2 20. Re1 Bb5 21. Bf1 exd4 22. cxd4 Bxe2 23. Rxe2 Rxe2 24. Bxe2 cxd4 25. Nc2 Nac6 26. Rd1 d5 27. Nxd4 dxe4 28. Nxc6 Nxc6 29. Rd6 Rc8 30. Rd7 Rd8 31. Rc7 Rd6 32. Kf1 a5 33. Bb5 Nd8 34. Ra7 Rd5 35. a4 Ne6 36. Bc4 Re5 37. Bxe6 Rxe6 38. Rxa5 e3 39. Ke2 exf2+ 40. Kxf2 Rc6 1/2-1/2

[Event "Mar del Plata PROSUD"]
[Site "Mar del Plata"]
[Date "1991.??.??"]
[Round "6"]
[White "Oblitas Guerrero, Carlomagno"]
[Black "Palermo, Vicente"]
[Result "1-0"]
[WhiteElo "2350"]
[BlackElo "2280"]
[PlyCount "66"]
[EventDate "1991.??.??"]
[EventType "tourn"]
[EventRounds "13"]
[EventCountry "ARG"]
[EventCategory "3"]
[SourceTitle "EXT 1999"]
[Source "ChessBase"]
[SourceDate "1998.11.16"]
[SourceVersion "1"]
[SourceVersionDate "1998.11.16"]
[SourceQuality "1"]

1. e4 c5 2. Nf3 e6 3. d4 cxd4 4. Nxd4 a6 5. Bd3 Qc7 6. 0-0 Nf6 7. Nc3 Bc5 8. Be3 d6 9. Qe2 Bd7 10. Nb3 Bxe3 11. Qxe3 0-0 12. Kh1 Bc6 13. f4 Nbd7 14. Rae1 e5 15. Qh3 Rfe8 16. fxe5 Rxe5 17. Nd4 Rg5 18. Nf3 Rg6 19. Nh4 Rh6 20. Qg3 Ne5 21. Rf5 Ng6 22. Rxf6 gxf6 23. Nf5 Rh5 24. h4 Kh8 25. Qg4 Rxf5 26. Qxf5 Qe7 27. h5 Nh4 28. Qf2 f5 29. g3 fxe4 30. Bxe4 Re8 31. gxh4 f5 32. Kg2 Rg8+ 33. Kf1 Bxe4 1-0

[Event "Mar del Plata op"]
[Site "Mar del Plata"]
[Date "1991.??.??"]
[Round "?"]
[White "Palermo, Vicente"]
[Black "Bertaccini, Daniel"]
[Result "1-0"]
[WhiteElo "2280"]
[BlackElo "2325"]
[PlyCount "41"]
[EventDate "1991.??.??"]
[EventType "swiss"]
[EventRounds "9"]
[EventCountry "ARG"]
[SourceTitle "EXT 1999"]
[Source "ChessBase"]
[SourceDate "1998.11.16"]
[SourceVersion "1"]
[SourceVersionDate "1998.11.16"]
[SourceQuality "1"]

1. d4 d5 2. Nf3 Nf6 3. c4 c6 4. Nc3 dxc4 5. a4 e6 6. e3 Bb4 7. Bxc4 Bxc3+ 8. bxc3 Ne4 9. Qc2 Nd6 10. Bd3 f5 11. 0-0 Nd7 12. Ba3 Nf7 13. e4 fxe4 14. Bxe4 Ng5 15. Nxg5 Qxg5 16. f4 Qh6 17. Rae1 Nf8 18. f5 Rb8 19. Qb3 a6 20. Qb4 Qf6 21. fxe6 1-0

[Event "Mar del Plata PROSUD"]
[Site "Mar del Plata"]
[Date "1991.??.??"]
[Round "9"]
[White "Palermo, Vicente"]
[Black "Gomez Baillo, Jorge H"]
[Result "1/2-1/2"]
[WhiteElo "2280"]
[BlackElo "2425"]
[PlyCount "24"]
[EventDate "1991.??.??"]
[EventType "tourn"]
[EventRounds "13"]
[EventCountry "ARG"]
[EventCategory "3"]
[SourceTitle "EXT 1999"]
[Source "ChessBase"]
[SourceDate "1998.11.16"]
[SourceVersion "1"]
[SourceVersionDate "1998.11.16"]
[SourceQuality "1"]

1. d4 Nf6 2. c4 e6 3. Nf3 d5 4. Nc3 Nbd7 5. e3 c6 6. b3 Bd6 7. Bd3 0-0 8. 0-0 dxc4 9. bxc4 e5 10. h3 Re8 11. Qc2 h6 12. Bb2 Qe7 1/2-1/2

[Event "San Fernando op"]
[Site "San Fernando"]
[Date "1991.??.??"]
[Round "?"]
[White "Reyes Larena, Juan"]
[Black "Palermo, Vicente"]
[Result "1/2-1/2"]
[WhiteElo "2415"]
[BlackElo "2280"]
[PlyCount "39"]
[EventDate "1991.06.??"]
[EventType "swiss"]
[EventRounds "9"]
[EventCountry "ARG"]
[SourceTitle "EXT 1997"]
[Source "ChessBase"]
[SourceDate "1996.11.15"]
[SourceVersion "1"]
[SourceVersionDate "1996.11.15"]
[SourceQuality "1"]

1. e4 c5 2. Nf3 Nc6 3. Bb5 e6 4. 0-0 Nge7 5. b3 e5 6. Bb2 d6 7. c3 Ng6 8. d4 Bd7 9. Nbd2 Be7 10. dxc5 dxc5 11. Nc4 0-0 12. Re1 Qc7 13. Ne3 Rad8 14. Qc2 a6 15. Bxc6 Qxc6 16. c4 f6 17. Nd5 Bd6 18. Nd2 Rf7 19. Rad1 Nf8 20. Nf1 1/2-1/2

[Event "Mar del Plata op"]
[Site "Mar del Plata"]
[Date "1990.??.??"]
[Round "?"]
[White "Palermo, Vicente"]
[Black "Sorin, Ariel"]
[Result "1/2-1/2"]
[WhiteElo "2300"]
[BlackElo "2430"]
[PlyCount "110"]
[EventDate "1990.??.??"]
[EventType "swiss"]
[EventRounds "9"]
[EventCountry "ARG"]
[SourceTitle "EXT 2000"]
[Source "ChessBase"]
[SourceDate "1999.11.16"]
[SourceVersion "1"]
[SourceVersionDate "1999.11.16"]
[SourceQuality "1"]

1. g3 e5 2. Bg2 g6 3. c4 Bg7 4. Nc3 Nf6 5. e3 0-0 6. Nge2 Re8 7. d3 c6 8. 0-0 Na6 9. e4 Nc7 10. f4 d6 11. h3 b5 12. cxb5 cxb5 13. a3 a5 14. Kh2 b4 15. axb4 axb4 16. Rxa8 Nxa8 17. fxe5 dxe5 18. Nd5 Nxd5 19. exd5 Nb6 20. Qb3 Qd6 21. Bd2 Bf8 22. Be3 Rd8 23. Rc1 Nd7 24. Rc6 Qb8 25. Bg5 Re8 26. d6 Bxd6 27. Bd5 Rf8 28. Bh6 Bb7 29. Rxd6 Qxd6 30. Bxb7 Rb8 31. Bd5 Qf6 32. Be3 Qf1 33. Qc2 b3 34. Qd2 Nf6 35. Bg2 Qb1 36. Nc3 Qc2 37. Qf2 Qxf2 38. Bxf2 Rd8 39. Bf1 e4 40. Bb6 Ra8 41. Bd4 Ra1 42. Kg2 Nh5 43. dxe4 Nxg3 44. Bc4 Nh5 45. Ne2 Ra4 46. Bxb3 Nf4+ 47. Nxf4 Rxd4 48. Bd5 Rd2+ 49. Kg3 Rxb2 50. Nd3 Rb1 51. Ne5 Rf1 52. Bc4 Rf6 53. Ng4 Rd6 54. e5 Rd4 55. Nf6+ Kf8 1/2-1/2

[Event "ARG-ch sf"]
[Site "Buenos Aires"]
[Date "1987.??.??"]
[Round "3"]
[White "Palermo, Vicente"]
[Black "Giardelli, Sergio Carlos"]
[Result "1/2-1/2"]
[WhiteElo "2355"]
[BlackElo "2360"]
[PlyCount "32"]
[EventDate "1987.??.??"]
[EventType "tourn"]
[EventRounds "8"]
[EventCountry "ARG"]
[EventCategory "3"]
[SourceTitle "EXT 2002"]
[Source "ChessBase"]
[SourceDate "2001.11.25"]
[SourceVersion "1"]
[SourceVersionDate "2001.11.25"]
[SourceQuality "1"]

1. e4 c6 2. d4 d5 3. Nd2 dxe4 4. Nxe4 Nd7 5. Nf3 Ngf6 6. Bd3 Nxe4 7. Bxe4 Nf6 8. Bd3 Bg4 9. c3 e6 10. Bf4 Bd6 11. Bxd6 Qxd6 12. 0-0 0-0 13. h3 Bxf3 14. Qxf3 Rfe8 15. Rad1 Qd5 16. Qxd5 exd5 1/2-1/2